Movie by Repeated Quote VI Quiz Stats

 Plays Quiz Updated Dec 4, 2017

Score 0/18 Timer 05:00
9 Plays Today
% Correct
Frankenstein
89.8%
Jerry Maguire
89.6%
It's a Wonderful Life
86.6%
Caddyshack
84.8%
Spider-Man
79.3%
Pirates of the Caribbean: Dead Man's Chest
78%
Blade Runner
53.8%
Mallrats
52.3%
Doctor Strange
50.9%
% Correct
History of the World: Part I
50.2%
It
47.6%
The Jungle Book
35.9%
Hacksaw Ridge
35.2%
Bridge of Spies
33.8%
Magnum Force
33.5%
Better Off Dead...
25.9%
Nightcrawler
24.4%
Vanilla Sky
22.5%

You're not logged in!

Compare scores with friends on all Sporcle quizzes.
OR
Log In

You Might Also Like...

Show Comments

Extras

Top Quizzes Today


Score Distribution

Your Account Isn't Verified!

In order to create a playlist on Sporcle, you need to verify the email address you used during registration. Go to your Sporcle Settings to finish the process.

Report this User

Report this user for behavior that violates our Community Guidelines.

Details: